How to be an inventor /

Discusses different types of inventors and their creations and gives advice on becoming an inventor.

Bibliographic Details
Main Author: Weiss, Harvey
Format: Book
Language:English
Published: New York : Crowell, [1980]
Edition:1st ed.
Subjects:

MARC

Tag First Indicator Second Indicator Subfields
LEADER 00000pam a2200000 a 4500
001 in00000092722
005 20150923132206.0
008 800102s1980 nyua j b 00010 engm
010 |a  79007823  
020 |a 0690040520 :  |c $6.95 
020 |a 0690040539 (lib. bdg.) :  |c $6.89 
035 |a (OCoLC)05892415 
035 |9 AAK7544AM 
040 |a DLC  |c DLC  |d m.c.  |d TXA  |d UtOrBLW 
049 |a [Curr Col] TXAM  |c 1 [388719], 2 [388720] 
050 0 0 |a T339  |b  W42 1980 
082 0 |a 608 
100 1 |a Weiss, Harvey. 
245 1 0 |a How to be an inventor /  |c Harvey Weiss ; illustrated with photographs and drawings by the author. 
250 |a 1st ed. 
264 1 |a New York :  |b Crowell,  |c [1980] 
264 4 |c ©1980 
300 |a 95 pages :  |b illustrations ;  |c 24 cm. 
336 |a text  |b txt  |2 rdacontent 
337 |a unmediated  |b n  |2 rdamedia 
338 |a volume  |b nc  |2 rdacarrier 
504 |a Bibliography: pages 94-95. 
520 |a Discusses different types of inventors and their creations and gives advice on becoming an inventor. 
650 0 |a Inventions  |v Juvenile literature. 
650 1 |a Inventions. 
999 |a MARS 
999 f f |s 6929d294-3293-3c9f-b52c-3fc2dc13a6f1  |i ace7bfb2-7fce-362e-ab35-c6e97db94e2d  |t 0 
952 f f |p normal  |a Texas A&M University  |b College Station  |c Sterling C. Evans Library  |s Evans curr  |d Evans: Curriculum Collection (4th floor)  |t 0  |e T339 W42 1980  |h Library of Congress classification  |i unmediated -- volume  |m A14806006467 
998 f f |a T339 W42 1980  |t 0  |l Evans: Curriculum Collection (4th floor)